| 000 | 00403cam a22001337a 4500 | ||
|---|---|---|---|
| 008 | 180718b1968 xxu||||| |||| 00| 0 eng d | ||
| 082 | _aL1x73 L589 | ||
| 245 |
_aBudget concepts for economic anlaysis _cedited by Wilfred Lewis |
||
| 260 |
_aWashington, D.C. _bBrookings _c1968 |
||
| 300 | _a198p. | ||
| 500 | _a$6.75; Studies of government finance | ||
| 650 | _aBudgeting --USA | ||
| 700 | _aLewis, Wilfred | ||
| 999 |
_c372303 _d372303 |
||